000 00608nam a2200193 i 4500
001 30592
003 ES-MaACL
005 20250714101653.0
007 t|
008 030127s1959 sp |||| |bspa d
100 1 _aBeltrán de Heredia, Benito.
_927357
245 1 0 _aFrançois Mauriac
_b: o Tras las huellas del infinito /
_cBenito Beltrán de Heredia.
246 3 3 _aTras las huellas del infinito
260 _aMadrid :
_bCisneros,
_c1959 (
_fImp. Juan Bravo)
300 _a124 p. ;
_c22 cm.
600 1 4 _aMauriac, François,
_d1885-1970
_979251
852 _aES-MaACL
_jC-16247
999 _c30592
_d30592